Résultats des Présidentielles 2022 par grandes villes au 1er tour - Statistiques

Statistiques générales
  • Ce quiz a été pris 9 fois
  • Le résultat moyen est 8 sur 15
Statistiques - réponses
Question Réponse % Correct
Toulon (83) Le Pen
88%
Alençon (61) Macron
88%
Boulogne-Billancourt (92) Macron
75%
Marseille (13) Mélenchon
75%
Cayenne (973) Mélenchon
75%
Bastia (2B) Le Pen
63%
Saint-Dizier (52) Le Pen
63%
Chartres (28) Macron
63%
Les Abymes (971) Mélenchon
63%
Mamoudzou (976) Mélenchon
63%
Nice (06) Macron
50%
Lyon (69) Macron
25%
Paris (75) Macron
25%
Amiens (80) Mélenchon
13%
Le Puy-en-Velay (43) Mélenchon
0%
Aucun quiz correspondant
Distribution des résultats
% des personnes avec chaque résultat
Percentile par nombre de réponses
Votre historique - résultats
Vous n’avez pas pris ce quiz